KIZ - Rap über Hass - Lyrics - Statistiken

Allgemein
  • Dieses Quiz wurde 76 mal gespielt
  • Das Durchschnittsergebnis liegt bei 368 aus 522
Antwortstatistiken
Antwort % Korrekt
da
98%
Das
98%
das
98%
ist
98%
ich
96%
Ich
96%
in
96%
Rap
96%
See
94%
sie
94%
Sie
94%
Hass
92%
so
92%
über
92%
den
90%
und
90%
Und
90%
fast
88%
jedem
88%
mein
88%
rappe
88%
ein
84%
Gebiet
84%
der
82%
Der
82%
doch
82%
Doch
82%
Frau
82%
Lied
82%
Gewalt
80%
kein
80%
keine
80%
sein
80%
Dass
78%
Lösung
78%
nicht
78%
soll
78%
zu
78%
an
76%
Auf
76%
auf
76%
Denn
76%
die
76%
eine
76%
mir
76%
wir
76%
Wir
76%
auch
75%
bin
75%
es
75%
Frauen
75%
KIZ
75%
(KIZ)
75%
meine
75%
Meine
75%
Wenn
75%
wenn
75%
dem
73%
Fehlgeburt
73%
hören
73%
Wie
73%
wie
73%
von
71%
aus
69%
Bauch
69%
christenfeindlich
69%
dann
69%
du
69%
Du
69%
Bibel
67%
deutschfeindlich
67%
dich
67%
ins
67%
Kopf
67%
mich
67%
mit
67%
Mit
67%
Muss
67%
schwangere
67%
sich
67%
Treten
67%
vergehen
67%
brate
65%
Journalistenfressen
65%
kommt
65%
medium-rare
65%
Säugling
65%
sind
65%
bei
63%
(deine
63%
deine
63%
gerade
63%
Julian
63%
mach
63%
meinem
63%
Messerklingen
63%
nach
63%
Nach
63%
Veranstaltung
63%
werd
63%
willst
63%
Bring
61%
Bundespräsident
61%
darüber
61%
drei
61%
meinen
61%
rammen
61%
reden
61%
Reichelt
61%
sterbe
61%
zwei
61%
Babygeplärr
59%
Deutschlandfahnen
59%
Feuer
59%
gern
59%
gerne
59%
gewaltverherrlichend
59%
Grad
59%
hab
59%
hinein
59%
jeden
59%
müssen
59%
steht
59%
umbringen
59%
was
59%
Benz
57%
Bibeln
57%
brennenden
57%
natürlich
57%
Tinder-Profil
57%
wärmen
57%
Bulle
55%
Christliche
55%
dreißig
55%
empfiehlt
55%
entsorgt
55%
habe
55%
kalt
55%
mache
55%
mal
55%
Mülldeponie
55%
Sänger
55%
Schwester
55%
weit
55%
beim
53%
breit
53%
Chipstüte
53%
Einbruch
53%
gefrorener
53%
Kinder
53%
Klimmzüge
53%
Löcher
53%
man
53%
schwer
53%
Tochter
53%
Weil
53%
Cadillac
51%
Gesteh
51%
gurgeln
51%
Hassmaske
51%
Licht)
51%
möchten
51%
Mord
51%
Pisstest
51%
Schneid
51%
Verhör
51%
beste
49%
Crew
49%
denken
49%
fällt
49%
geköpft
49%
hinterherwerfen
49%
Käffchen
49%
Opa
49%
persönlich
49%
wieder
49%
Wortspiel
49%
zielen
49%
Bullen
47%
dabei
47%
Dreck
47%
ficke
47%
gegen
47%
gerappt
47%
Nun
47%
Polizeipferd
47%
richtig
47%
Samuraischwert
47%
Sixpack
47%
werf
47%
zweitausend
47%
Croissant
45%
gewesen
45%
grölen
45%
hätten
45%
Köpfe
45%
sollen
45%
Göring-Eckardt
43%
Sophia
43%
wachsen
43%
wohl
43%
antisemitischem
41%
Drive-by
41%
eure
41%
geht
41%
Guillotine
41%
lustig?
41%
machen
41%
Reinigung
41%
schick
41%
schmeiß
41%
töten
41%
Asbest
39%
BPjM
39%
check
39%
ex
39%
findest
39%
hüpft
39%
Leute
39%
Loren
39%
sei'm
39%
Selbstmordattentat
39%
Steig
39%
Top-Ten
39%
vor
39%
weiße
39%
frauenfeindlichem
37%
Heidi
37%
Ibuprofen
37%
Klum
37%
Polizeischutz
37%
Scheiße
37%
Taxifahrt
37%
wörtlich
37%
Attest
35%
ersten
35%
Fehlen
35%
Flagge
35%
Haut
35%
kaputt
35%
Kids
35%
Nazis
35%
Stein
35%
während
35%
deiner
33%
frittier'n
33%
Villa
33%
Ah
31%
dir
31%
Drip
31%
Friedrich
31%
Merz
31%
Nacken
31%
Zyankali
31%
tapezier'n
29%
weißen
29%
außer
27%
Beichtstuhl
27%
Demonstrier'n
27%
Flexe
27%
Staat
27%
ei'm
25%
steppe
25%
zuhaus
25%
Trage
24%
wart
24%
Lass
22%
nix
22%
Nerz
20%
anormal
18%
Pumpgun
18%
ein'n
16%
sein'n
16%
unterm
14%
dein'n
12%
selbstgeschossnen
10%
Keine übereinstimmenden Quizze gefunden
Verteilung der Resultate
Anzahl Personen mit jedem Resultat
Perzentil nach korrekt beantworteten Fragen
Ihre Resultats-Entwicklung
Sie haben dieses Quiz noch nicht gespielt